| 000 | 01811nam a2200253Ia 4500 | ||
|---|---|---|---|
| 008 | 260220t1995||||xx |||||||||||||| ||spa|| | ||
| 020 | _a8475857035 | ||
| 040 |
_aPY-SlUNAC _bspa _erda |
||
| 041 | _aspa | ||
| 082 |
_a515 _bN588c |
||
| 100 |
_aNikolski, S. M. _eAutor |
||
| 245 | 0 |
_aCurso de análisis matemático / _cpor S. M. Nikolski [Autor] |
|
| 264 |
_aBilbao : _bUniversidad del País Vasco, _c℗1995. |
||
| 300 | _a1 volumen | ||
| 520 | _aEl "Curso de Análisis Matemático" de S. M. Nikolski es una obra fundamental para estudiantes y profesionales en el ámbito de las matemáticas. Este libro aborda de manera sistemática y rigurosa los conceptos esenciales del análisis matemático, comenzando con los fundamentos de la teoría de funciones y límites, y avanzando hacia temas más complejos como la continuidad, derivabilidad e integrabilidad. Nikolski enfatiza la importancia de una comprensión profunda de los teoremas y propiedades, así como su aplicación en problemas prácticos. A lo largo de sus capítulos, el autor presenta numerosas demostraciones y ejemplos que ilustran los principios teóricos, facilitando así la asimilación de conceptos abstractos. Además, el texto incluye ejercicios que permiten a los estudiantes poner en práctica lo aprendido y consolidar su formación. En conjunto, el libro se erige como una herramienta didáctica valiosa para quienes buscan profundizar en el análisis matemático y desarrollar un enfoque crítico y analítico en la resolución de problemas matemáticos. | ||
| 653 | _aAnálisis matemático | ||
| 653 | _aEducación superior | ||
| 653 | _aMatemáticas | ||
| 942 |
_b2026/02/17 _cBK |
||
| 999 |
_c7542 _d7542 |
||